| 000 | 00890cab a22001935a 4500 | ||
|---|---|---|---|
| 001 | L142424 | ||
| 008 | 080213e20080125xxk f 000 0 eng d | ||
| 035 | _a(Sirsi) u142424 | ||
| 041 | 0 | _aeng | |
| 100 | 1 | _aMerrick, Neil | |
| 245 | 0 | 0 | _aOpen to offers |
| 260 | _c2008 | ||
| 490 |
_aInside Housing _v25 January 2008, 18-20(3) |
||
| 520 | _aConsiders developments surrounding bids for large residential developments as part of the government's eco-town development scheme. The first successful bids are soon to be revealed. It is intended that there should be five such towns created by 2016, and a further five by 2020. Argues that some proposed developments are essentially identical to long-standing ideas. Details a number of proposed sites. | ||
| 590 | _aKA | ||
| 651 | 4 |
_aUnited Kingdom _y |
|
| 690 | _aPROPERTY-RESIDENTIAL PROPERTY-RESIDENTIAL PROPERTY DEVELOPMENT | ||
| 942 | _n0 | ||
| 999 |
_c79807 _d79807 |
||